000 00724cam a22002171a 4500
005 20160116025021.0
008 160116m19519999a gab b 000 0 spa
040 _aDLC
_cIEN
_dCO-BoIAVH
041 _aspa
044 _ack
082 _a581.980
_bV39e
100 1 _aVavilov, Nicolai I.
245 1 0 _aEstudios sobre el origen de las plantas cultivadas /
_bNicolai Vavilov; versión en español por Felipe Frier
260 _aBuenos Aires,
_bAcme Agency,
_c1951.
300 _a185 páginas
_bmapas.
_c23 centímetros.
504 _aIncluye índice de especies
650 0 _aAgricultura
_xHistoria.
650 0 _aPlantas
_xHistoria.
700 _aFreier, Felipe
_etraductor
942 _2ddc
_cLIBRO
999 _c17992
_d17992